Jalan di hadapan / (Record no. 292)
[ view plain ]
| 000 -LEADER | |
|---|---|
| fixed length control field | nam a22 a 4500 |
| 003 - CONTROL NUMBER IDENTIFIER | |
| control field | AKMAL |
| 005 - DATE AND TIME OF LATEST TRANSACTION | |
| control field | 20170503121128.0 |
| 008 - FIXED-LENGTH DATA ELEMENTS--GENERAL INFORMATION | |
| fixed length control field | 170503s1996 my 00 may d |
| 020 ## - INTERNATIONAL STANDARD BOOK NUMBER | |
| International Standard Book Number | 9676106615 (kkt.): |
| Terms of availability | RM 60.00 |
| 040 ## - CATALOGING SOURCE | |
| Original cataloging agency | AKMAL |
| 082 04 - DEWEY DECIMAL CLASSIFICATION NUMBER | |
| Classification number | 004.16 GAT |
| 090 00 - LOCALLY ASSIGNED LC-TYPE CALL NUMBER (OCLC); LOCAL CALL NUMBER (RLIN) | |
| Classification number (OCLC) (R) ; Classification number, CALL (RLIN) (NR) | 004.16 |
| Local cutter number (OCLC) ; Book number/undivided call number, CALL (RLIN) | GAT |
| 100 1# - MAIN ENTRY--PERSONAL NAME | |
| Personal name | Gates, Bill |
| 9 (RLIN) | 640 |
| 245 10 - TITLE STATEMENT | |
| Title | Jalan di hadapan / |
| Statement of responsibility, etc. | Bill Gates ; penterjemah Rusli Abd. Ghani |
| 300 00 - PHYSICAL DESCRIPTION | |
| Extent | xiv, 340ms. : |
| Other physical details | il. ; |
| Dimensions | 24cm |
| 500 ## - GENERAL NOTE | |
| General note | Mengandungi indeks |
| 599 ## - LOCAL NOTE | |
| Local Note | DALAM PROSES |
| 650 #0 - SUBJECT ADDED ENTRY--TOPICAL TERM | |
| Topical term or geographic name entry element | Information technology |
| 9 (RLIN) | 641 |
| 650 #0 - SUBJECT ADDED ENTRY--TOPICAL TERM | |
| Topical term or geographic name entry element | Computer industry |
| 9 (RLIN) | 642 |
| 650 #0 - SUBJECT ADDED ENTRY--TOPICAL TERM | |
| Topical term or geographic name entry element | Microcomputers |
| 9 (RLIN) | 643 |
| 700 0# - ADDED ENTRY--PERSONAL NAME | |
| Personal name | Rusli Abdul Ghani |
| 9 (RLIN) | 644 |
| 942 ## - ADDED ENTRY ELEMENTS (KOHA) | |
| Source of classification or shelving scheme | |
| Koha item type | Book |
| 950 ## - LOCAL HOLDINGS (RLIN) | |
| Permanent shelving location, LOC (RLIN) | AKMAL |
| Withdrawn status | Lost status | Source of classification or shelving scheme | Damaged status | Not for loan | Collection code | Home library | Current library | Shelving location | Date acquired | Inventory number | Total Checkouts | Full call number | Barcode | Date last seen | Price effective from | Koha item type |
|---|---|---|---|---|---|---|---|---|---|---|---|---|---|---|---|---|
| NON-FICTION | AKMAL Melaka | AKMAL Melaka | PINJAMAN | 03.05.2017 | 00527 | 004.16 GAT | 201701210 | 03.05.2017 | 03.05.2017 | Book |
